000 00306nam a2200133Ia 4500
005 20251222144842.0
008 251222s9999||||xx |||||||||||||| ||spa||
020 _a84-7050-168-2
082 _a840/G91
100 _aGuitton,Jean
245 0 _aSilencio sobre lo Esencial
264 _bEdicep
942 _cLIB
999 _c21276
_d21276